008070000a2200229000450024501440000065000130014465000180015765000250017565000200020065000230022065000240024365100120026765100140027965300340029365300420032765300400036965300360040904100140044570000280045910000250048777300650051210aNotas para una revisión del género Dichroplus Stal. I. Boliviacris, nuevo género de Dichropli ()14aInsectos14aEntomología14aSistemática animal14aNuevas especies14aTaxonomía animal14aMorfología animal 4pBolivia 4pArgentina gDichropluseDhroplus aberrans gBoliviacriseBoliviacris noroestensis gBoliviansiseBoliviansis jujuyensis gBoliviansiseBoliviansis badius0 aEspañol1 aCigliano, María Marta1 aRonderos, Ricardo A.1 tBol. Soc. Biol. Concepción, Chile31366q135-144d1990g61